| 000 -LEADER |
| fixed length control field |
00456cam a22001337a 4500 |
| 008 - FIXED-LENGTH DATA ELEMENTS--GENERAL INFORMATION |
| fixed length control field |
180718b1982 xxu||||| |||| 00| 0 eng d |
| 082 ## - DEWEY DECIMAL CLASSIFICATION NUMBER |
| Classification number |
BA27x54 J78 |
| 100 ## - MAIN ENTRY--PERSONAL NAME |
| Personal name |
Joshi, Barbara R. |
| 245 ## - TITLE STATEMENT |
| Title |
Democracy in search of equality: untouchable politics and Indian social change |
| Statement of responsibility, etc. |
by Barbara R. Joshi |
| 260 ## - PUBLICATION, DISTRIBUTION, ETC. |
| Place of publication, distribution, etc. |
Delhi |
| Name of publisher, distributor, etc. |
Hundustan Publishing Corporation |
| Date of publication, distribution, etc. |
1982 |
| 300 ## - PHYSICAL DESCRIPTION |
| Extent |
xiv, 200p |
| 650 ## - SUBJECT ADDED ENTRY--TOPICAL TERM |
| Topical term or geographic name entry element |
India --Social conditions --1947- |
| 650 ## - SUBJECT ADDED ENTRY--TOPICAL TERM |
| Topical term or geographic name entry element |
Dalits --India |